Rent reform may stifle regeneration (Record no. 68736)

MARC details
000 -LEADER
fixed length control field 01123cam a2200217 4500
001 - CONTROL NUMBER
control field WB3741-23
008 - FIXED-LENGTH DATA ELEMENTS--GENERAL INFORMATION
fixed length control field 011031n2001 000 0 eng u
035 ## - SYSTEM CONTROL NUMBER
System control number (Sirsi) u115421
245 ## - TITLE STATEMENT
Title Rent reform may stifle regeneration
260 ## - PUBLICATION, DISTRIBUTION, ETC.
Date of publication, distribution, etc. 2001
490 ## - SERIES STATEMENT
Series statement Housing Today
Volume/sequential designation (257) 25 October 2001, 8(1)
520 ## - SUMMARY, ETC.
Summary, etc. A new report looking at the current and future role of housing associations as community investors has just been published by the Joseph Rowntree Foundation. This reveals that housing associations are increasingly emerging as significant contributors to community development. However, it also notes that as a result of rent restructuring some housing associations will probably have withdrawn from community investment within three years. "After the crossroads: Housing associations as community investors" is available from JRF priced £12.95. Tel: 01904 430 033.
590 ## - LOCAL NOTE (RLIN)
Local note WB
650 ## - SUBJECT ADDED ENTRY--TOPICAL TERM
Topical term or geographic name entry element JOSEPH ROWNTREE FOUNDATION
650 ## - SUBJECT ADDED ENTRY--TOPICAL TERM
Topical term or geographic name entry element HOUSING ASSOCIATIONS
650 ## - SUBJECT ADDED ENTRY--TOPICAL TERM
Topical term or geographic name entry element NEIGHBOURHOOD RENEWAL
650 ## - SUBJECT ADDED ENTRY--TOPICAL TERM
Topical term or geographic name entry element COMMUNITY DEVELOPMENT
650 ## - SUBJECT ADDED ENTRY--TOPICAL TERM
Topical term or geographic name entry element RSLS
690 ## - LOCAL SUBJECT ADDED ENTRY--TOPICAL TERM (OCLC, RLIN)
Topical term or geographic name as entry element REGENERATION
942 ## - ADDED ENTRY ELEMENTS (KOHA)
Suppress in OPAC 0
Holdings
Withdrawn status Lost status Source of classification or shelving scheme Damaged status Not for loan Home library Current library Shelving location Date acquired Total Checkouts Full call number Barcode Date last seen Copy number Price effective from Koha item type
    Dewey Decimal Classification     London London News article 31/10/2001   WB3741-23 115421-1001 06/08/2019 1 06/08/2019 News article